Chemical constituents of the lichen Parmotrema tsavoense (Krog & Swinscow) Krog & Swinscow (Parmeliaceae) = Thành phần hóa học của loài địa y Parmotrema tsavoense (Krog & Swinscow) Krog & Swinscow (Parmeliaceae) /
Đã lưu trong:
| 主要作者: | |
|---|---|
| 其他作者: | |
| 格式: | Bài viết |
| 语言: | Vietnamese |
| 标签: |
添加标签
没有标签, 成为第一个标记此记录!
|
| Thư viện lưu trữ: | Thư viện Trường Đại học Đà Lạt |
|---|
| LEADER | 00931nam a2200229 4500 | ||
|---|---|---|---|
| 001 | DLU170180242 | ||
| 005 | ##20170616 | ||
| 040 | # | # | |a DLU |b vie |
| 041 | # | # | |a vie |
| 044 | # | # | |a vn |
| 100 | # | # | |a Bui Thi Lan Anh. |
| 245 | # | # | |a Chemical constituents of the lichen Parmotrema tsavoense (Krog & Swinscow) Krog & Swinscow (Parmeliaceae) = |b Thành phần hóa học của loài địa y Parmotrema tsavoense (Krog & Swinscow) Krog & Swinscow (Parmeliaceae) / |c Bui Thi Lan Anh, Duong Thuc Huy. |
| 700 | # | # | |a Duong Thuc Huy. |
| 773 | # | # | |t Tạp chí Khoa học Đại học Sư phạm TP. Hồ Chí Minh: Khoa học tự nhiên và công nghệ |g Số 12(78), 2015, tr. 119-125 |
| 920 | # | # | |a Phòng Tạp chí -- Trung tâm Thông tin - Thư viện Trường Đại học Đà Lạt |
| 900 | # | # | |a True |
| 911 | # | # | |a Hoàng Thị Huyền |
| 925 | # | # | |a G |
| 926 | # | # | |a A |
| 927 | # | # | |a BB |
| 980 | # | # | |a Thư viện Trường Đại học Đà Lạt |